Statistics for Real Sociedad Best Scorer By Year

Click here to take the quiz!

General Stats

  • This quiz has been taken 107 times
    (37 since last reset)
  • The average score is 7 of 43

Answer Stats

Player% Correct
Mikel Oyarzabal
88%
Alexander Isak
65%
Alexander Sørloth
65%
Antoine Griezmann
65%
Carlos Vela
50%
Darko Kovačević
38%
Willian José
35%
Javi de Pedro
27%
Jesús María Satrústegui
27%
Meho Kodro
27%
Nihat Kahveci
27%
Xabi Prieto
27%
Imanol Agirretxe
23%
Roberto López Ufarte
23%
Óscar de Paula
19%
John Aldridge
15%
José Mari Bakero
12%
Raúl Tamudo
12%
Valeriy Karpin
12%
Edgaras Jankauskas
8%
Epi
4%
Gică Craioveanu
4%
Juan Manuel Villa
4%
Sávio
4%
Teré
4%
Ángel Paz
0%
Dionisio Urreisti
0%
Enrique Silvestre
0%
Fernando Ansola
0%
José Antonio Ucelay
0%
José Antonio Urtiaga
0%
José Araquistáin
0%
José Caeiro
0%
José María Gallastegui
0%
José Miguel Arregui
0%
Laguardia
0%
Marco Antonio Boronat
0%
Mikel Loinaz
0%
Pedro Uralde
0%
Rafael Iriondo
0%
Ricardo Muruzábal
0%
Rivera Masón
0%
Silvestre Igoa
0%

Score Distribution

Percentile by Number Answered

Percent of People with Each Score

Your Score History

You have not taken this quiz since the last reset